Initia Doctrinae Physicae Dictata In Academia VVitebergensi

Bibliographic Details
Main Author: Melanchthon, Philipp, 1497-1560 (Author, Dedicator)
Corporate Author: Welack, Matthäus (Wittenberg, Nemecko) (Printer)
Other Authors: Welack, Matthäus, zomrel 1593 (Printer)
Format: Book
Language:Latin
PhysicalDescription:6 nečíslovaných listov, 393 strán, 10 nečíslovaných strán 8° 15,5 × 9,5 cm
Subjects:

MARC

LEADER 00000nam a2200000 4500
001 vtls008865563
003 SK-MaSNL
005 20260301183132.0
008 251112s1589 gw ac f 01100 lat
015 |a SNBHFA 
035 |a cpl000126336 
040 |a SNKHF  |b slo  |c SNKHF  |e rda 
041 0 |a lat 
044 |a gw  |c DE 
072 7 |a 2-1  |x Prirodzená teológia. Náboženská filozofia  |2 konspekt 
080 |a 2‑1  |2 2011 
080 |a 2‑21  |2 2011 
080 |a 2‑273  |2 2011 
100 1 |a Melanchthon, Philipp,  |d 1497-1560  |4 aut  |4 dto  |9 42142 
245 1 |a Initia Doctrinae Physicae  |b Dictata In Academia VVitebergensi  |c à Philip. Melanth. Iterùm edita cum Indice, & Annotationibus 
264 3 |a VVitebergae  |b Ex typographia Matthaei VVelaci  |c MDLXXXIX (1589) 
300 |a 6 nečíslovaných listov, 393 strán, 10 nečíslovaných strán  |c 8°  |c 15,5 × 9,5 cm 
336 |a text  |b txt  |2 rdacontent 
337 |a bez média  |b n  |2 rdamedia 
338 |a zväzok  |b nc  |2 rdacarrier 
500 |a Iniciálky s ornamentálnym pozadím na 5 a 7 riadkov, drevorezové ilustrácie , drevorezový portrét Philippa Melanchthona 
504 |a Marginálie, kustody 
508 |a Dedikácia: Melanchthon, Philipp; Meienburg, Michael 
510 4 |a VD 16  |c M/3486l 
562 |a Rukopisné exlibrisy: Constat Novisolij 40. - Possessor Samuel Rajtsany 1723.  |5 SNK ID 83394 
563 |a Väzba: hnedá koža s linajkovým slepotlačovým rámom, plne reštaurovaná.  |5 SNK ID 83394 
650 0 7 |a teológia  |2 SNKPH  |9 1814 
650 0 7 |a kresťanstvo  |2 SNKPH  |9 2024 
650 0 7 |a náboženstvo  |2 SNKPH  |9 2023 
700 1 |a Welack, Matthäus,  |d zomrel 1593  |4 prt  |9 179338 
700 1 |a Rajtsany, Samuel  |4 fmo  |9 557998 
700 1 |a Meienburg, Michael,  |d 1491-1555  |4 hnr  |9 129182 
710 0 |a Welack, Matthäus (Wittenberg, Nemecko),  |d 1576-1593  |4 prt  |9 358769 
752 |a Nemecko  |d Wittenberg 
852 |a snk  |p ID 83394 
958 |a DA 
958 |a ONDV 
999 |c 855967  |d 857897 
952 |t Tlače 16. storočia  |a SNK  |b SNK  |c SNK_HF  |y PREZ  |7 0  |p 17A1303509  |o snkID 83394  |i snkK 725/85  |0 0  |1 0  |4 0  |d 2021-11-04  |f 1  |l 0  |r 2026-02-24 04:56:15  |w 2026-02-24